Η Διοίκηση της Διαχείρισης και της Παραγωγής στις Ναυτιλιακές Επιχειρήσεις (Record no. 3720)
[ view plain ]
| 000 -LEADER | |
|---|---|
| fixed length control field | 01498cam a22001934a 4500 |
| 005 - ΗΜΕΡΟΜΗΝΙΑ ΚΑΙ ΩΡΑ ΤΕΛΕΥΤΑΙΑΣ ΕΝΗΜΕΡΩΣΗΣ | |
| Πεδίο ελέγχου | 20250605164123.0 |
| 008 - FIXED-LENGTH DATA ELEMENTS--GENERAL INFORMATION | |
| Πεδίο ελέγχου σταθερού μήκους | 250528s ||||||||||||||||||||||||d |
| 035 ## - SYSTEM CONTROL NUMBER | |
| System control number | 18358 |
| 020 ## - ISBN | |
| ISBN | 960351330 |
| 040 ## - ΠΗΓΗ ΚΑΤΑΛΟΓΟΓΡΑΦΗΣΗΣ | |
| Φορέας πρωτότυπης καταλογογράφησης | MC Athens Campus Library |
| Γλώσσα καταλογογράφησης | Ελληνικά, Μοντέρνα (1453-) |
| Modifying agency | MC Athens Campus Library |
| Κανόνες περιγραφικής καταλογογράφησης | AACR2 |
| 245 1# - ΤΙΤΛΟΣ ΚΑΙ ΔΗΛΩΣΗ ΥΠΕΥΘΥΝΟΤΗΤΑΣ | |
| Τίτλος | Η Διοίκηση της Διαχείρισης και της Παραγωγής στις Ναυτιλιακές Επιχειρήσεις |
| 260 ## - PUBLICATION, DISTRIBUTION, ETC. | |
| Name of publisher, distributor, etc. | Σταμούλης Α, |
| Date of publication, distribution, etc. | 2001 |
| 300 ## - PHYSICAL DESCRIPTION | |
| Extent | 552 |
| 520 ## - SUMMARY, ETC. | |
| Summary, etc. | Πρόλογος, Ορισμός του Αντικειμένου, Οι Παράγοντες που Επηρεάζουν την Επιλογή ή Σχεδίαση του Πλοίου, Η Οικονομική της Αγοράς των Μεταχειρισμένων Πλοίων, Η Μικροοικονομική Θεωρία Επενδύσεων του J. M. Keynes, Η Οικονομική Θεωρία της ΑγοράςΜεταχειρισμένων Πλοίων, Οι Παράγοντες που Επηρεάζουν την Επιλογή Σημαίας, Η Εγκριτική Πράξη, Η Διαπραγμάτευση της Ναύλωσης, Θωρία Αντιμετώπισης Κρίσεων στη Ναυτιλία, Διεθνή Νηολόγια και Συνθήκες Νηολόγησης Πλοίων σε Διάφορες Σημαίες, Γενική Βιβλιογραφία. |
| 700 1# - ΠΡΟΣΘΕΤΗ ΑΝΑΓΡΑΦΗ--ΦΥΣΙΚΟ ΠΡΟΣΩΠΟ | |
| Personal name | Γουλιέλμος Αλέξανδρος Μ |
| 9 (RLIN) | 4628 |
| 942 ## - ADDED ENTRY ELEMENTS (KOHA) | |
| Koha item type | Books |
| Τύπος τεκμηρίου | Βιβλιοθήκη | Τρέχουσα τοποθεσία | Barcode | Αριθμός εισαγωγής | Ημερομηνία απόκτησης | Ταξιθετικό σύμβολο | Αριθμός αντιτύπου | Κατάσταση απόσυρσης | Κατάσταση χαμένου | Κατάσταση κατεστραμμένου | Μη δανεισμός | Σύνολο δανεισμών | Ημερομηνία τελευταίας εμφάνισης | Η τιμή ισχύει από |
|---|---|---|---|---|---|---|---|---|---|---|---|---|---|---|
| Books | MC Athens Campus Library | MC Athens Campus Library | 9780000037190 | 3001 | 05/06/2025 | 387.0068 GOU | 1 | 05/06/2025 | 05/06/2025 |